000 00452ntaaa2200193 4500
003 01
005 20251027201846.0
008 0714s1973 ag 01
040 _aAR-BaBN
_bspa
_cAR-BaBN
_eaacr
_dRIC
082 _a248.1000 M77
100 _aMoody Bible Institute
_917069
245 _aI tithe joyfully!
250 _a1 ed.
260 _aChicago :
_bMoody,
_c1960
300 _a127 p
650 _amayordomía
650 _adiezmo
_94633
942 _cBK
999 _c13259
_d13259